00800 2200205 4500001002100000005001500021007000300036008004100039035002000080082001600100084002200116100001700138245003300155260002800188300002500216500013000241520020100371650001000572650001200582INLIS00000000000591720260425034812ta260425 g 0 dut  a0010-0426000004 a908(913.12) a908(913.12) HEE a0 aHEERES, J.E.1 aAmbon in 1647 /cJ.E. Heeres a[s.l.] :b[s.n.],c1897 ap. 509-595 ;c25 cm. aReprinted from Bijdragen tot de Taal-, Land- en Volkenkunde / Journal of the Humanities and Social Sciences of Southeast Asia aArtikel “Ambon in 1647” karya J. E. Heeres membahas kondisi sejarah dan situasi politik di Ambon pada tahun 1647, khususnya terkait aktivitas dan pengaruh kolonial Belanda di wilayah tersebut. 4aAMBON 4aHISTORY